00609nam a22001937a 4500003000400000020001800004082001400022100001700036245002300053260007700076300000800153650000800161653005100169700002700220700001900247942001200266952012000278999001700398SGT a9789392787201 a340bC22Y aYadav, Vipin aCapital Punishment aNew Delhi, IndiabSelective & Scientific Books Pub. & distributersc2022 a133 aLaw aInternational Law; Capital Punishment in India aSharma, Bhoopesh Kumar aSharma, Urmila 2ddccBK 00102ddc405171aFDbFDcREFd2023-07-29g595.00iSGTUl0o340 C22YpFD8990r2023-07-29 00:00:00w2023-07-29yBK c24477d24477